| 000 | 00677nam a2200217Ia 4500 | ||
|---|---|---|---|
| 003 | GCL | ||
| 008 | 140319s9999 xx 000 0 ara d | ||
| 040 |
_aGCL / _cGCL |
||
| 082 | 0 | 4 |
_a928.1 _bح ف |
| 100 | 1 | _aحسن عبدالله القرشى | |
| 245 | 1 | 0 |
_aفارس بنى عبس / _cحسن عبدالله القرشى |
| 260 |
_a[S.N] : _bدار المعارف ، _c1992 |
||
| 300 | _a200 ص | ||
| 490 |
_aمكتبة الدراسات الادبية _v0 |
||
| 650 | 0 | 4 | _aالشعر العربى |
| 650 | 0 | 4 | _aالعصر الجاهلى |
| 650 | 0 | 4 | _aالتراجم الادبية |
| 650 | 0 | 4 | _aالشعراء |
| 650 | 0 | 4 | _aعنترة بن شداد |
| 942 |
_2ddc _cBK |
||
| 999 |
_c28468 _d28468 |
||